| 000 | 00390nam a22001217a 4500 | ||
|---|---|---|---|
| 008 | 260530b |||||||| |||| 00| 0 eng d | ||
| 020 | _a9789381275306 | ||
| 100 | _aNagasampige, A V, Joseph Mary | ||
| 245 | _aAgnipurana Gosthi Prabandhah (A Collection of Papers Presented in Agnipuranam Seminar) | ||
| 260 |
_aBangalore _bPoorna Prajna Samshodhan Trust _c2013 |
||
| 300 | _a78p | ||
| 942 | _2ddc | ||
| 999 |
_c1495 _d1495 |
||